Aristot về các lực lượng lãnh đạo nhà nước dân chủ và quý tộc hy lạp cổ đại /

保存先:
書誌詳細
第一著者: Nguyễn Cao Thanh.
フォーマット: 論文
言語:Vietnamese
主題:
タグ: タグ追加
タグなし, このレコードへの初めてのタグを付けませんか!
Thư viện lưu trữ: Thư viện Trường Đại học Đà Lạt
LEADER 00972nam a2200325 4500
001 DLU210196722
005 ##20210707
040 # # |a DLU  |b vie 
041 # # |a vie 
044 # # |a vn 
100 # # |a Nguyễn Cao Thanh. 
245 # # |a Aristot về các lực lượng lãnh đạo nhà nước dân chủ và quý tộc hy lạp cổ đại /  |c Nguyễn Cao Thanh. 
653 # # |a Aristot 
653 # # |a Cổ đại 
653 # # |a Dân chủ 
653 # # |a Hy Lạp 
653 # # |a Nhà nước 
653 # # |a Qúy tộc 
653 # # |a Thể chế 
773 # # |t Nghiên cứu Châu Âu  |g Số 3(210), 2018, tr. 45-56 
920 # # |a Phòng Tạp chí -- Trung tâm Thông tin - Thư viện Trường Đại học Đà Lạt 
933 # # |a XH 
994 # # |a DLU 
900 # # |a True 
911 # # |a Hoàng Thị Huyền 
925 # # |a G 
926 # # |a A 
927 # # |a BB 
980 # # |a Thư viện Trường Đại học Đà Lạt